Statistics for College Football Matchups: TCU

Click here to take the quiz!

General Stats

  • This quiz has been taken 76 times
  • The average score is 13 of 16

Answer Stats

# of GamesOpponentLast Meeting% Correct
92Texas10/02/2021
100%
64Texas Tech10/09/2021
96%
38Kansas11/20/2021
94%
15Kansas State10/30/2021
94%
22Oklahoma10/16/2021
94%
117Baylor11/06/2021
92%
32Oklahoma State11/13/2021
92%
13Iowa State11/26/2021
87%
100SMU09/25/2021
83%
92Texas A&M12/28/2001
81%
25Houston12/28/2007
79%
79Rice10/28/2000
68%
70Arkansas09/09/2017
64%
18North Texas09/21/2002
55%
13New Mexico10/22/2011
51%
19Tulsa10/21/2000
28%

Score Distribution

Percentile by Number Answered

Percent of People with Each Score

Your Score History

You have not taken this quiz